Gaming Quiz

Random Gaming or Video Games Quiz

Gaming Sixes Quiz Stats

 Plays Quiz Updated Jan 2, 2018

Also try: Literary Sixes
Challenge
Share
Tweet
Embed
Score 0/36 Timer 06:00
4 Plays Today
Hint Answer % Correct
Rubik's Cube ColorsRed
98.3%
Rubik's Cube ColorsBlue
97.8%
Rubik's Cube ColorsGreen
97.5%
Types of Pieces in ChessQueen
97.3%
Types of Pieces in ChessKing
97.3%
Rubik's Cube ColorsYellow
96.9%
Rubik's Cube ColorsWhite
95.8%
Types of Pieces in ChessPawn
94.4%
Rubik's Cube ColorsOrange
94.1%
Types of Pieces in ChessRook
93.9%
Types of Pieces in ChessKnight
93.2%
Types of Pieces in ChessBishop
90.4%
Playable Characters in Mario Party Mario
90.1%
Playable Characters in Mario Party Luigi
86.8%
Playable Characters in Mario Party Princess Peach
81.5%
Original Trivial Pursuit CategoriesHistory
74.3%
Playable Characters in Mario Party Yoshi
65.3%
Original Cluedo SuspectsColonel Mustard
64.7%
Hint Answer % Correct
Original Trivial Pursuit CategoriesEntertainment
61.4%
Original Trivial Pursuit CategoriesGeography
60.6%
Playable Characters in Mario Party Wario
59.4%
Original Cluedo SuspectsProfessor Plum
59.4%
Original Cluedo SuspectsMiss Scarlett
54.5%
Original Cluedo SuspectsReverend Mr. Green
53.7%
Original Cluedo SuspectsMrs. White
53.2%
Playable Characters in Mario Party Donkey Kong
47.6%
Original Cluedo SuspectsMrs. Peacock
41.7%
Pokémon StatsAttack
39.7%
Pokémon StatsDefense
39.5%
Pokémon StatsHit Points (HP)
37.7%
Original Trivial Pursuit CategoriesSports & Leisure
36.8%
Pokémon StatsSpeed
35.2%
Original Trivial Pursuit CategoriesScience & Nature
31.7%
Original Trivial Pursuit CategoriesArts & Literature
30%
Pokémon StatsSpecial Attack
25.7%
Pokémon StatsSpecial Defense
25%

You're not logged in!

Compare scores with friends on all Sporcle quizzes.
OR
Log In

You Might Also Like...

Show Comments

Extras

Top Quizzes Today


Score Distribution

Your Account Isn't Verified!

In order to create a playlist on Sporcle, you need to verify the email address you used during registration. Go to your Sporcle Settings to finish the process.

Report this User

Report this user for behavior that violates our Community Guidelines.

Details: